[Event "CAT-chT 2020"]
[Site "Catalonia"]
[Date "2020.01.18"]
[Round "1.10"]
[White "Llaneza Vega, Patricia"]
[Black "Valencia Jimenez, Jose"]
[Result "1-0"]
[WhiteElo "2152"]
[BlackElo "2027"]
[Annotator "RC"]
[PlyCount "59"]
[EventDate "2020.01.18"]
[EventType "team-tourn"]
[EventCountry "ESP"]
[SourceTitle "playchess.com"]
[Source "ChessBase"]
[SourceQuality "1"]
[TimeControl "5400+30"]

1. e4 {[%emt 0:00:00]} g6 {[%emt 0:00:00]} 2. d4 {[%emt 0:00:00]} Bg7 {[%emt 0:00:00]} 3. Nc3 {[%emt 0:00:00]} c6 {[%emt 0:00:00]} 4. Nf3 {[%emt 0:00:21]} d5 {[%emt 0:00:08]} 5. h3 {[%emt 0:03:10]} dxe4 {[%emt 0:00:16]} 6. Nxe4 {[%emt 0:00:05]} Nd7 {[%emt 0:00:05]} 7. Bd3 {[%emt 0:02:30]} Ngf6 {[%emt 0:00:23]} 8. Nxf6+ {[%emt 0:00:10]} Nxf6 {[%emt 0:00:07]} 9. O-O {[%emt 0:00:07]} O-O {[%emt 0:00:07]} 10. Re1 {[%emt 0:05:05]} Qc7 {[%emt 0:03:48]} 11. Bg5 {[%emt 0:06:09]} b6 {[%emt 0:12:40]} 12. Qe2 {[%emt 0:09:55]} e6 {[%emt 0:05:42]} 13. Qe5 {[%emt 0:06:22]} Nd5 {[%emt 0:13:33]} 14. Qxc7 {[%emt 0:06:51]} Nxc7 {[%emt 0:00:05]} 15. c4 {[%emt 0:00:40]} Bb7 {[%emt 0:04:03]} 16. Rad1 {[%emt 0:02:47]} h6 {[%emt 0:09:20]} 17. Bf4 {[%emt 0:02:57]} Rac8 {[%emt 0:02:55]} 18. Ne5 {[%emt 0:04:41]} g5 {[%emt 0:07:00]} 19. Bh2 {[%emt 0:02:16]} Rfd8 {[%emt 0:19:01]} 20. Be4 {[%emt 0:06:29]} Ne8 {[%emt 0:01:10]} 21. c5 {[%emt 0:00:51]} Nf6 {[%emt 0:03:59]} 22. Bf3 {[%emt 0:00:40]} Nd7 {[%emt 0:12:00]} 23. Nc4 {[%emt 0:01:49]} Bf8 {[%emt 0:02:41]} 24. Bd6 {[%emt 0:04:32]} Bxd6 {[%emt 0:01:53]} 25. Nxd6 {[%emt 0:00:06]} Rc7 {[%emt 0:00:01]} 26. Nxb7 {[%emt 0:03:28]} Rxb7 {[%emt 0:00:14]} 27. Bxc6 {[%emt 0:00:05]} Rc7 {[%emt 0:00:13]} 28. Ba4 {[%emt 0:00:11]} bxc5 {[%emt 0:00:10]} 29. dxc5 {[%emt 0:00:23]} Rdc8 {[%emt 0:02:22]} 30. Bxd7 {[%emt 0:00:43]} 1-0

[Event "CAT-chT 2020"]
[Site "Catalonia"]
[Date "2020.01.25"]
[Round "2.1"]
[White "Edouard, Romain"]
[Black "Asis Gargatagli, Hipolito"]
[Result "1/2-1/2"]
[WhiteElo "2640"]
[BlackElo "2490"]
[Annotator "TA"]
[PlyCount "40"]
[EventDate "2020.01.18"]
[EventType "team-tourn"]
[EventCountry "ESP"]
[SourceTitle "playchess.com"]
[Source "ChessBase"]
[SourceQuality "1"]

{[%evp 9,40,-9,0,-17,-5,0,-12,-8,0,-54,-68,-58,-45,-59,-49,-59,-49,-83,-82,-95,-81,-74,-83,-77,-80,-112,-90,-105,-105,-104,-88,-112,-100]} 1. d4 Nf6 2. Bf4 d5 3. e3 e6 4. Nd2 Bd6 5. Bg3 O-O (5... c5 6. Ngf3 O-O 7. Bd3 b6 8. c3 Ba6 9. Bxa6 Nxa6 10. Qe2 Nb8 11. e4 Be7 12. exd5 Qxd5 {0-1 (67) Howell,D (2676)-Adams,M (2701) London 2019}) 6. Bd3 {D00: 1 d4 d5: Unusual lines} b6 7. e4 dxe4 8. Nxe4 {The position is equal.} Bb7 9. Bh4 $146 (9. Qf3 $11 Nxe4 10. Bxe4 Bxe4 11. Qxe4) ({Predecessor:} 9. Qe2 Be7 10. Nf3 Nbd7 11. O-O Nxe4 12. Bxe4 Bxe4 13. Qxe4 {1-0 (55) Foisor,S (2230)-Sparreboom,W (1958) Vlissingen 2015}) 9... Be7 $15 ({Reject} 9... Bxe4 $6 10. Bxe4 c6 11. c3 $14) 10. Bxf6 Bxf6 11. c3 Nd7 12. Qc2 g6 13. O-O-O Bg7 {Hoping for ...f5.Black is better.} 14. Nf3 Qe7 15. h4 c5 {Threatens to win with ...cxd4.} 16. Kb1 Rac8 {aiming for ...cxd4.} 17. Qe2 c4 18. Bc2 b5 {[%cal Bb6b5,Bb5b4][%mdl 32]} 19. h5 b4 20. hxg6 hxg6 {Accuracy: White = 41%, Black = 83%.} 1/2-1/2

[Event "CAT-chT 2020"]
[Site "Catalonia"]
[Date "2020.01.25"]
[Round "2.1"]
[White "Magem Badals, Jordi"]
[Black "Aguero Jimenez, Luis Lazaro"]
[Result "1-0"]
[WhiteElo "2514"]
[BlackElo "2495"]
[Annotator "TA"]
[PlyCount "73"]
[EventDate "2020.01.18"]
[EventType "team-tourn"]
[EventCountry "ESP"]
[SourceTitle "playchess.com"]
[Source "ChessBase"]
[SourceQuality "1"]

{[%evp 13,77,25,32,23,22,27,51,31,31,30,37,24,33,20,43,43,44,48,60,46,53,62,77,43,52,41,62,60,111,108,108,108,118,126,122,114,110,47,79,78,133,137,135,140,597,310,301,215,247,208,482,373,378,375,835,816,826,815,1402,1371,1341,1313,29963,29961,2022,1904]} 1. e4 c6 2. d4 d5 3. e5 Bf5 4. h4 h5 5. c4 e6 6. Nc3 Nd7 {[%cal Bb8d7,Bd7b6,Bb6c4][%mdl 32]} 7. cxd5 cxd5 8. Bd3 {B12: Caro-Kann: Advance Variation} Bxd3 9. Qxd3 Ne7 10. Nf3 {White is slightly better.} a6 (10... Nb8 11. Bg5 Qd7 12. O-O Nbc6 13. Rfc1 Nf5 14. Na4 b6 15. Nc3 Rc8 {1-0 (48) Alekseev,E (2691)-Iturrizaga Bonelli,E (2609) Khanty-Mansiysk 2010}) 11. O-O Nb6 12. Bg5 Qd7 13. Rac1 Nc6 14. Ne2 $146 ({Predecessor:} 14. g3 Be7 15. Ne2 Bxg5 16. Nxg5 {½-½ (45) Lie,E (2357)-Hole,O (2346) Oslo 2006}) 14... Nc4 15. b3 $36 {[%mdl 2048] White has some pressure.} Nb6 16. a4 Rc8 17. Nf4 Ba3 18. Rc3 Nb4 19. Qd2 {Strongly threatening Ra1.} Rxc3 20. Qxc3 Qc6 {[#]} (20... Nc6 $14) 21. Qa1 $1 $16 {[%cal Ra1a3]} Nc2 22. Qa2 O-O 23. Nxh5 Rc8 24. Rd1 Nd7 25. Ne1 (25. Ng3 $16) 25... Qc3 26. Nf4 Nxe1 (26... Qb2 $142 27. Qxb2 Bxb2) 27. Qxa3 Nc2 28. Qe7 Rc7 $2 {[%mdl 8192]} (28... Nf8 $16) 29. Ne2 Qc6 30. Bf4 {Threatens to win with Rd3.} Nf8 31. Qg5 b5 $2 (31... Qe8 32. h5 Qe7 33. Qxe7 Rxe7) 32. axb5 Qxb5 33. Ng3 {And now Nh5 would win.} Rc8 $2 (33... Rc3 34. h5 Qb4) 34. Nh5 $18 {[%csl Gh5][%cal Rg5g7]} Ng6 {[#]} 35. Nxg7 $1 {[%mdl 576] Clearance} Kxg7 36. h5 {[%mdl 64] Pin} Qe2 37. Qh6+ {Played: Rd1-c1} 1-0

[Event "CAT-chT 2020"]
[Site "Catalonia"]
[Date "2020.01.25"]
[Round "2.2"]
[White "Moskalenko, Viktor"]
[Black "Munoz, Miguel"]
[Result "0-1"]
[WhiteElo "2471"]
[BlackElo "2471"]
[Annotator "TA"]
[PlyCount "76"]
[EventDate "2020.01.18"]
[EventType "team-tourn"]
[EventCountry "ESP"]
[SourceTitle "playchess.com"]
[Source "ChessBase"]
[SourceQuality "1"]

{[%evp 16,96,46,35,26,20,54,40,28,46,56,19,30,36,22,30,24,12,44,0,0,18,107,-54,34,0,18,2,12,0,16,-36,-41,-54,-45,-32,-47,-135,-135,-135,-137,-199,-145,-163,-151,-164,-168,-126,-127,-170,-140,-104,-118,-178,-189,-179,-124,-325,-269,-270,-261,-260,-213,-267,-267,-258,-266,-243,-243,-360,-357,-351,-335,-426,-434,-479,0,0,0,0,0,-1477,1]} 1. d4 Nf6 2. c4 c5 3. d5 e6 4. Nc3 exd5 5. cxd5 d6 6. e4 g6 7. f4 Bg7 8. Bb5+ Nfd7 9. Be2 Qh4+ {A67: Modern Benoni: Taimanov Variation} 10. g3 Qe7 (10... Qd8 11. Nf3 O-O 12. O-O Re8 13. Nd2 Nf6 14. g4 h6 15. Bf3 Nbd7 16. a4 b6 17. Nc4 {1-0 (46) Duda,J (2758)-Ponkratov,P (2632) Moscow 2019}) 11. Nf3 O-O {White is slightly better.} 12. O-O Nb6 13. e5 Bf5 $146 ({Predecessor:} 13... Bg4 14. Nb5 Nc8 15. Ng5 Bxe2 16. Qxe2 a6 17. Nc3 dxe5 {0-1 (45) Baron Rodriguez,J (2387)-Glavina,P (2467) Spain 2004}) 14. Kg2 Na6 15. h3 Rad8 16. g4 Bc8 17. a4 $1 {[%cal Ba2a4,Ba4a5][%mdl 32]} Nb4 {[%cal Rd6e5]} 18. a5 Nd7 (18... Na8 $1 $11 {keeps the balance.}) 19. Bc4 $2 (19. Nb5 $1 $16) 19... dxe5 (19... a6 $1 $15) 20. d6 Qe8 21. Re1 Kh8 22. fxe5 Nxe5 23. Nxe5 (23. Bg5 $11 f6 24. Nxe5 fxe5 25. Bxd8 Qxd8 26. Rf1) 23... Bxe5 $15 24. Qf3 Nc2 $36 {[%mdl 2048] Black is more active.} 25. Bh6 f6 26. Bxf8 ({White should try} 26. Rad1 $15) 26... Nxe1+ $17 ({Much weaker is} 26... Qxf8 $6 27. Rxe5 fxe5 28. Rc1 $11) 27. Rxe1 Qxf8 28. Ne4 {intending Ng5!} Bd4 ({Better is} 28... Bxb2 $19 29. Rf1 b5 $1 {[%mdl 512]}) 29. b4 b6 {...Bb7 is the strong threat.} 30. a6 Bd7 {aiming for ...Bc6.} 31. b5 Re8 32. Re2 {[#]} Kg7 $1 33. Ng3 Qxd6 34. Rxe8 (34. Qb7 $17 Kh6 35. Rxe8 Bxe8 36. Ne2) 34... Bxe8 $19 35. Qb7+ Kh6 (35... Qd7 $19 36. Be6 Qxb7+ 37. axb7 Be5) 36. Bg8 $2 (36. Ne2 $17) 36... Qd7 37. Bc4 Be5 38. Ne2 g5 {Played: Qd7-d2} 0-1

[Event "CAT-chT 2020"]
[Site "Catalonia"]
[Date "2020.01.25"]
[Round "2.2"]
[White "Rahal, Michael A"]
[Black "Gonzalez Garcia, Jose"]
[Result "1/2-1/2"]
[WhiteElo "2317"]
[BlackElo "2494"]
[Annotator "TA"]
[PlyCount "147"]
[EventDate "2020.01.18"]
[EventType "team-tourn"]
[EventCountry "ESP"]
[SourceTitle "playchess.com"]
[Source "ChessBase"]
[SourceQuality "1"]

{[%evp 11,147,-27,-26,-27,-21,-26,-19,-19,-18,-35,-35,-37,-38,-36,-35,-29,-19,-20,-21,-40,-29,-30,-28,-29,-27,-29,-25,-33,-18,-27,-33,-51,-50,-65,-53,-77,-63,-77,-68,-92,-64,-64,-64,-64,-64,-103,-73,-106,-93,-114,-114,-114,-114,-114,-82,-114,-114,-114,-107,-107,-107,-107,-107,-107,-107,-107,-107,-107,-107,-108,-108,-131,-131,-131,-108,-130,-119,-121,-107,-107,-107,-128,-122,-125,-129,-129,-127,-122,-128,-124,-93,-86,-93,-109,-88,-217,-171,-124,0,-200,-187,-343,-329,-372,-374,-372,-354,-259,-14,-21,-21,-52,-52,-52,0,-8,0,0,0,0,0,0,0,0,0,0,0,0,0,0,0,0,0,0,0,0,0,0]} 1. e4 e5 2. Bc4 Nf6 3. d3 Nc6 4. Nc3 Na5 5. Nf3 Nxc4 6. dxc4 Bb4 7. Bd2 {C28: Vienna Game: 2...Nf6 3 Bc4 Nc6} (7. Qd3 d6 8. Bd2 Nd7 9. a3 Nc5 10. Qe3 Bxc3 11. Bxc3 Qe7 12. O-O-O a5 13. Nd2 Na4 14. Nb3 Nxc3 15. Qxc3 {1-0 (71) Jerez Perez,A (2405)-Valsecchi,A (2506) Escaldes 2017}) 7... d6 8. Nd5 Nxd5 $146 ({Predecessor:} 8... Bxd2+ 9. Nxd2 O-O 10. Qf3 Nxd5 11. cxd5 c6 12. O-O cxd5 13. h3 dxe4 14. Qxe4 Bxh3 15. gxh3 {0-1 (39) Bustillo,A-Detela,W (2308) ICCF email 2009}) 9. cxd5 Bc5 10. Bg5 f6 11. Be3 Bxe3 12. fxe3 O-O 13. Qd3 Qe8 14. O-O Bd7 15. Rf2 a5 16. c4 Qb8 17. Rc1 Qa7 18. Qa3 b6 19. Nd2 a4 20. Qc3 Qa5 21. Qxa5 Rxa5 22. Kf1 Kf7 23. Ke2 c5 24. Nb1 b5 25. Na3 bxc4 26. Kd2 Ke7 27. Nxc4 Rb5 28. Rc3 Rfb8 29. Kc1 Rb4 30. a3 R4b7 31. Kc2 Bb5 {[#] aiming for ...Bxc4.} 32. Kc1 Be8 33. Kc2 Bd7 34. Kc1 h6 35. Kc2 Rb3 36. Kc1 h5 37. Na5 R3b5 38. Nc4 h4 39. Kc2 Be8 40. Kd3 Rb3 41. Rfc2 R3b7 42. Ke2 Kd7 43. Kd2 Bg6 44. Kd3 Kc7 45. Rf2 Be8 46. Rfc2 Bb5 47. Kd2 Bxc4 48. Rxc4 Rxb2 49. Rxa4 Rxc2+ 50. Kxc2 $17 {[%mdl 4096] Endgame KR-KR} Kb6 51. Kd3 Rh8 52. Ke2 g6 53. Kf3 (53. g3 $17 {was worth a try.}) 53... Rc8 54. Ke2 {[#]} Rh8 (54... h3 $1 $17 {[%mdl 512]} 55. g4 (55. gxh3 Rh8) 55... Rb8) 55. Kf3 $1 $19 f5 56. exf5 $2 (56. g4 fxe4+ 57. Kxe4) 56... gxf5 57. g3 hxg3 58. hxg3 Kb5 59. Rh4 Rd8 $2 (59... Ra8 $19 60. Rh5 Kc4 61. Rxf5 Kxd5) 60. a4+ $11 Ka5 61. e4 fxe4+ 62. Rxe4 Rf8+ (62... Rc8 $5 {[%cal Rc5c4]} 63. Rc4 Rb8 $15) 63. Ke2 {The position is equal.} Rg8 64. g4 $1 Rf8 65. g5 Rg8 66. Rg4 c4 67. g6 Kxa4 68. Rxc4+ Kb5 69. Rc6 Rxg6 70. Ke3 Rh6 71. Ke4 Rf6 72. Ke3 Rg6 73. Ke4 Rh6 74. Ke3 {Accuracy: White = 49%, Black = 65%.} 1/2-1/2

[Event "CAT-chT 2020"]
[Site "Catalonia"]
[Date "2020.01.25"]
[Round "2.3"]
[White "Diaz Camallonga, Carles"]
[Black "Lillo Castany, Victor"]
[Result "1/2-1/2"]
[WhiteElo "2474"]
[BlackElo "2326"]
[Annotator "TA"]
[PlyCount "62"]
[EventDate "2020.01.18"]
[EventType "team-tourn"]
[EventCountry "ESP"]
[SourceTitle "playchess.com"]
[Source "ChessBase"]
[SourceQuality "1"]

{[%evp 20,62,18,11,17,12,18,13,15,9,15,9,23,-22,-18,-14,-21,-7,0,-14,-14,-14,-14,-14,-12,-25,-14,-19,0,0,0,-63,-16,-29,-22,-156,-147,-180,-58,-189,0,0,0,0,0]} 1. e4 e5 2. Nf3 Nc6 3. Bb5 a6 4. Ba4 Nf6 5. O-O b5 6. Bb3 Bb7 7. d3 Be7 8. Nc3 O-O 9. Bd2 d6 10. Nd5 Nxd5 11. Bxd5 Qc8 {C84: Closed Ruy Lopez: Unusual White 6th moves} 12. Re1 (12. a4 Nd8 13. Bxb7 Qxb7 14. b4 Ne6 15. Qb1 d5 16. exd5 Qxd5 17. Qa2 Qxa2 18. Rxa2 f6 19. Rfa1 {½-½ (29) Sadzikowski,D (2551)-Efimenko,Z (2661) Abu Dhabi 2016}) 12... Bf6 13. c3 Nd8 14. d4 Bxd5 $146 ({Predecessor:} 14... Ne6 15. Be3 Re8 16. a4 c6 17. Ba2 c5 18. d5 Nf8 19. Bb1 {1-0 (42) Eolian,L (2425)-Malaniuk,V (2485) Yerevan 1984}) 15. exd5 {[%cal Rd4e5]} exd4 (15... e4 $5 16. Rxe4 Qf5 $14) 16. cxd4 Qf5 17. Qb3 c5 18. dxc5 dxc5 19. Bc3 c4 20. Qd1 Nb7 21. Bxf6 Qxf6 22. Ne5 {[#] Nd7 is the strong threat.} Rfe8 23. Qd4 $1 Nc5 24. Qxc5 Rxe5 25. Red1 (25. g3 $11) 25... h6 26. a4 Rb8 27. Qc7 {[#]} (27. h3 $11) 27... Rd8 $1 $17 28. axb5 axb5 ({Black should try} 28... Re2 $19 29. Qc5 axb5) 29. Qc5 (29. Qc6 $1 $15) 29... Qd6 $2 (29... Re2 $19 30. Rab1 Rxb2) 30. Qxb5 $11 Rxd5 31. Rxd5 Qxd5 {Accuracy: White = 42%, Black = 45%.} 1/2-1/2

[Event "CAT-chT 2020"]
[Site "Catalonia"]
[Date "2020.01.25"]
[Round "2.3"]
[White "Valenzuela Gomez, Fernando"]
[Black "Milliet, Sophie"]
[Result "0-1"]
[WhiteElo "2335"]
[BlackElo "2390"]
[Annotator "TA"]
[PlyCount "52"]
[EventDate "2020.01.18"]
[EventType "team-tourn"]
[EventCountry "ESP"]
[SourceTitle "playchess.com"]
[Source "ChessBase"]
[SourceQuality "1"]

{[%evp 19,52,27,25,0,0,0,0,6,0,4,1,-43,5,-100,-44,-41,-36,-35,-24,-86,-86,-89,-35,-54,-60,-116,-120,-108,-108,-154,-147,-381,-381,-371,-371]} 1. Nf3 c5 2. c4 Nc6 3. Nc3 g6 4. e3 Nf6 5. d4 cxd4 6. exd4 d5 7. cxd5 Nxd5 8. Qb3 Nxc3 9. Bc4 e6 10. bxc3 Bd7 {Threatens to win with ...Na5.} 11. Bb5 {A35: Symmetrical English: 2 Nc3 Nc6 3 Nf3} ({But not} 11. Qxb7 $2 Rb8 $19) 11... Bg7 (11... a6 12. Be2 Na5 13. Qb1 Rc8 14. O-O f6 15. c4 b6 16. c5 bxc5 17. dxc5 Bxc5 18. Bxa6 Rb8 {1-0 (34) Svidler,P (2756)-Shankland,S (2722) Hoogeveen 2018}) 12. Ba3 Ne7 13. Be2 $146 {The position is equal.} ({Predecessor:} 13. Rb1 b6 14. O-O O-O 15. Rfd1 Bxb5 16. Qxb5 Qc7 17. c4 Rfd8 18. Rbc1 Rac8 {1-0 (53) Dhanush,B (2232)-Fecker,N (1951) Batumi 2016}) 13... Bc6 14. O-O O-O 15. Rfd1 Re8 16. c4 (16. Ne5 $11) 16... Qa5 (16... Nf5 $17 {[%cal Rf5d4]} 17. Bb2 Qd6) 17. Bb4 Qc7 18. Rac1 Nf5 19. Bc3 (19. d5 $11 {keeps the balance.} exd5 20. cxd5 Rxe2 21. dxc6) 19... Rad8 $17 20. Qb2 Qb6 ({Black should try} 20... Qf4 $17) 21. Qxb6 axb6 {[%cal Ba7b6,Bb6b5,Bb5b4,Bb4c3][%mdl 32]} 22. Ne5 {[#]} ({Better is} 22. g4 $15 Bxf3 23. Bxf3 Nxd4 24. Bxd4 Bxd4 25. Bxb7) 22... Ba4 $1 {[%cal Ra4d1]} 23. Rd3 b5 24. c5 {[#]} b4 $1 {[%cal Rb4c3][%mdl 512]} 25. g4 $2 (25. Ba1 $17) (25. Bxb4 Nxd4) 25... bxc3 $19 26. gxf5 exf5 {Accuracy: White = 18%, Black = 63%.} 0-1

[Event "CAT-chT 2020"]
[Site "Catalonia"]
[Date "2020.01.25"]
[Round "2.4"]
[White "Chueca Forcen, Alberto"]
[Black "Esplugas Esteve, Vicenc"]
[Result "0-1"]
[WhiteElo "2358"]
[BlackElo "2338"]
[Annotator "TA"]
[PlyCount "46"]
[EventDate "2020.01.18"]
[EventType "team-tourn"]
[EventCountry "ESP"]
[SourceTitle "playchess.com"]
[Source "ChessBase"]
[SourceQuality "1"]

{[%evp 11,60,9,16,0,0,0,0,0,-1,-40,-44,-41,-28,-25,-25,-10,-21,-39,0,-14,-7,-10,0,0,0,-55,-4,-50,0,-14,-16,-55,-35,-43,-22,-739,-729,-1385,-1393,-1393,-1402,-1453,-1423,-1429,-1297,-29979,-29980,-29979,-29959,-29959,-29959]} 1. Nf3 Nf6 2. c4 e6 3. b3 d5 4. Bb2 Be7 5. e3 O-O 6. Nc3 b6 7. Qc2 {A13: English Opening: 1...e6.} c5 8. cxd5 exd5 9. d4 {The position is equal.} Nc6 10. Bb5 Nb4 11. Qb1 {[#]} c4 $1 {[%mdl 512]} 12. bxc4 {aiming for a3.} a6 {[#]} 13. Ba3 $146 ({Predecessor:} 13. a3 axb5 14. cxb5 Na6 15. bxa6 Bxa6 16. Ne5 Bd6 17. Qf5 Re8 18. f3 Rc8 19. Kf2 {1-0 (28) Flores,D (2604)-Teran Alvarez,I (2392) Linares 2019}) 13... axb5 14. Bxb4 bxc4 15. O-O Bxb4 16. Qxb4 Bf5 17. Ne5 Re8 18. a4 ({White should try} 18. f3 $11) 18... Re6 ({Black should play} 18... Ne4 $1 $15) 19. Ra2 h5 20. Rfa1 Ra5 21. Rb2 Ng4 22. Nf3 Be4 $36 {[%mdl 2048] Black fights for an advantage.} 23. Nd2 $2 {[%mdl 8192] [#]} (23. Nxe4 $11 dxe4 24. Nd2) 23... Bxg2 {Played: Qd8-h4} 0-1

[Event "CAT-chT 2020"]
[Site "Catalonia"]
[Date "2020.01.25"]
[Round "2.4"]
[White "Sama Salinas, Hector"]
[Black "Bofill Mas, Alejandro"]
[Result "0-1"]
[WhiteElo "2296"]
[BlackElo "2323"]
[Annotator "TA"]
[PlyCount "73"]
[EventDate "2020.01.18"]
[EventType "team-tourn"]
[EventCountry "ESP"]
[SourceTitle "playchess.com"]
[Source "ChessBase"]
[SourceQuality "1"]

{[%evp 12,73,0,0,13,8,6,0,0,-8,0,-7,0,-29,36,31,26,6,7,15,15,8,29,10,18,-6,12,12,0,-21,27,0,0,-8,0,-16,-25,-86,0,0,0,0,0,0,0,0,0,0,0,0,33,33,15,6,13,27,24,0,0,0,0,0,58,0]} 1. Nf3 c5 2. g3 Nc6 3. Bg2 g6 4. O-O Bg7 5. d3 e6 6. e4 Nge7 7. c3 e5 {A04: Unusual lines after 1 Nf3 and King's Indian Attack} (7... O-O 8. Re1 b6 9. d4 cxd4 10. cxd4 d5 11. e5 Ba6 12. Nc3 Rc8 13. Bf4 Qd7 14. Qa4 Bc4 15. Rac1 Qb7 16. h4 {1-0 (89) Amin,B (2683)-Christiansen,J (2597) Moscow 2019}) 8. Be3 d6 9. a3 O-O {The position is equal.} 10. b4 b6 11. Nbd2 h6 12. b5 Nb8 $146 (12... Na5 $11) ({Predecessor:} 12... Na5 13. Nc4 Nxc4 14. dxc4 Be6 15. Nd2 {½-½ (31) Prueske,W (2050)-Wilde,P (2241) Germany 2014}) 13. d4 Qc7 14. dxe5 dxe5 15. Nc4 Be6 16. Nfd2 Nd7 {[%cal Bb8d7,Bd7f6,Bf6e8,Be8d6][%mdl 32]} 17. Qc2 Rad8 18. a4 Nf6 19. f3 Ne8 20. Rfd1 Nd6 21. Bf1 Nec8 22. a5 f5 23. axb6 (23. exf5 {looks sharper.} gxf5 24. Re1 Qf7 25. axb6 axb6 26. Ra4) 23... axb6 24. Ra8 (24. exf5 $11 {keeps the balance.} gxf5 25. Ra6) 24... fxe4 (24... Nxb5 $17 25. Ra6 Qb7) 25. Nxd6 $11 Nxd6 26. Rxd8 Rxd8 27. Nxe4 Nxe4 28. Rxd8+ Qxd8 29. Qxe4 Kh7 30. c4 Qd1 (30... Bf5 $5 {[%cal Rf5e4]} 31. Qb7 Qd1 $11) 31. g4 Qe1 32. Kg2 Bf7 33. Bd3 Bf6 34. Qb7 {[%mdl 64] [#] Double Attack} Kg7 35. Bf2 Qd2 36. Qe4 Qf4 ({Black should try} 36... Qb2 $11) 37. Be3 {[%mdl 32768] Accuracy: White = 30%, Black = 49%. . Loss on time!?} (37. Qe1 $14) 0-1

[Event "CAT-chT 2020"]
[Site "Catalonia"]
[Date "2020.01.25"]
[Round "2.5"]
[White "Lorenzo De La Riva, Lazaro"]
[Black "Brusi Noguera, Ricardo Ll."]
[Result "1-0"]
[WhiteElo "2402"]
[BlackElo "2124"]
[Annotator "TA"]
[PlyCount "73"]
[EventDate "2020.01.18"]
[EventType "team-tourn"]
[EventCountry "ESP"]
[SourceTitle "playchess.com"]
[Source "ChessBase"]
[SourceQuality "1"]

{[%evp 15,73,33,41,40,42,37,77,69,65,74,73,69,58,66,52,49,56,56,62,50,77,73,90,42,108,110,110,38,130,120,201,175,166,164,185,169,177,112,248,240,472,406,756,756,705,685,1095,1028,862,495,489,434,29980,29981,29970,29971,6083,3387,29992,29992]} 1. e4 Nf6 2. e5 Nd5 3. d4 d6 4. Nf3 Bg4 5. Be2 e6 6. h3 ({Predecessor:} 6. c4 Nb6 7. h3 {1-0 (44) Repplinger,M (2191)-Silber,G (2232) Germany 2010}) 6... Bh5 7. c4 Nb6 8. exd6 cxd6 9. Nc3 {B05: Alekhine's Defence: 4 Nf3 Bg4} Be7 10. d5 e5 11. g4 {White is better.} Bg6 12. h4 {Threatens to win with h5.} h5 13. g5 $146 (13. gxh5 Bxh5 14. c5 N6d7 15. cxd6 Bxd6 16. Ng5 Nf6 17. Bxh5 Nxh5 18. Qf3 Nf4 19. Bxf4 exf4 20. O-O-O Nd7 21. Rhe1+ Kf8 22. Ne6+ {1-0 (22) Robson,R (2680)-Yermolinsky,A (2515) Saint Louis 2015}) 13... N8d7 14. Be3 Rc8 15. b3 Nc5 16. Bxc5 Rxc5 17. Bd3 Bxd3 18. Qxd3 Rc8 19. g6 f6 (19... O-O $14) 20. Ne2 $16 Nd7 21. Qf5 (21. Ng3 $16) 21... Nf8 (21... b5 $14) 22. Ng3 Rh6 (22... Qd7 $16) 23. Nxh5 $40 {[%cal Rh5g7][%mdl 128] White wants a kill.} Rxg6 24. Ng3 b5 25. h5 (25. cxb5 $6 Qa5+ 26. Nd2 Rb8 $16) 25... Rh6 {[#]} 26. Qg4 ({But not} 26. cxb5 $6 Qa5+ 27. Kf1 Qxb5+ 28. Kg2 Rc5 $14) (26. Nd2 $1 $18) 26... bxc4 {[#]} (26... g6 $16) 27. Nf5 $1 $18 {[%cal Rf5e7]} (27. bxc4 g6 $14) ({Weaker is} 27. Qxg7 Rh7 $16) 27... cxb3 $2 (27... Rh7 28. bxc4 (28. Nxg7+ Rxg7 29. Qxg7 Qa5+ {[%mdl 64] Double Attack} 30. Kf1 cxb3 $14) 28... Qc7) 28. axb3 Qc7 (28... Rh7 $142 29. Nxg7+ Rxg7 30. Qxg7 f5) 29. Nxe7 Qc3+ 30. Ke2 Qc2+ 31. Nd2 Rc3 32. Qe4 Kxe7 33. Rxa7+ Nd7 {[#]} (33... Kd8 $18 34. Rxg7 Qa2) 34. Qg4 $1 {[%mdl 576] Double Attack} Qd3+ {[#]} 35. Kd1 $1 {[%mdl 512]} Qc2+ {[#]} 36. Ke1 $1 {[%mdl 512]} Kf8 37. Qxd7 {Accuracy: White = 74%, Black = 24%.} 1-0